000 01477nam a2200397 i 4500
001 57364
003 CO-BoRNBP
005 20250620163006.0
007 ta
008 200421s2013 mx a cr 000 j spa d
020 _a9789681640590
040 _aCO-BoRNBP
_bspa
_erda
_cCO-BoRNBP
041 1 _aspa
_hheb
043 _aa-is---
084 _aC SNU1
100 1 _aSnunit, Mijal,
_d1940-
_eautora
_960433
245 1 3 _aEl pájaro del alma
_cMijal Snunit ; ilustrado por Francisco Nava Bouchaín; traducido por Flaminia Cohen Tuval y Carmen Albert García
250 _aPrimera edición
264 1 _aMéxico
_bEditorial Fondo de Cultura Económica
_c2013
300 _a24 páginas
_bilustraciones a color
_c29 cm
336 _atexto
_btxt
_2rdacontent
337 _asin mediación
_bn
_2rdamedia
338 _avolumen
_bnc
_2rdacarrier
490 0 _aLos especiales de a la Orilla del viento
521 1 _aRecomendado para un público mayor de 10 años.
534 _tTzipór Hanéfesh
650 0 4 _aAutores israelíes
_2LEMB
_960434
650 0 7 _aAves en la literatura
_2LEMB
_9466
650 0 7 _aEspiritualidad en la literatura
_2LEMB
_960435
650 0 0 _aCuentos infantiles israelíes
_ySiglo XXI
_2LEMB
_960436
650 0 0 _aLiteratura infantil israelí
_ySiglo XXI
_2LEMB
_960437
700 1 _aAlbert García, Carmen
_etraductora
_960438
700 1 _aNava Bouchaín, Francisco
_eilustrador
700 1 _aCohen Tuval, Flaminia
_etraductora
_960439
942 _2loc
_cBKLITI
999 _c57364
_d57364